100 Largest US Media Markets - Statistics

General Stats
  • This quiz has been taken 246 times
    234 since last reset
  • The average score is 85 of 100
Answer Stats
Hint Answer % Correct
IL, IN Chicago
99%
CA Los Angeles
99%
NY, NJ, CT, PA New York City
99%
TX Dallas-Forth Worth
98%
TX Houston
98%
PA, NJ, DE Philadelphia
98%
AZ Phoenix
98%
CA San Francisco-Oakland-San Jose
98%
DC, VA, MD, WV, PA Washington
98%
MA, NH, VT Boston
97%
FL Miami-Fort Lauderdale
97%
WA Seattle-Tacoma
97%
GA, AL, NC Atlanta
96%
MD Baltimore
96%
CO, NE, WY Denver
96%
MI Detroit
96%
MS Jackson
96%
MO, KS Kansas City
96%
MN, WI Minneapolis-St. Paul
96%
FL Tampa-St. Petersburg
96%
NC, SC Charlotte
95%
OH Cleveland-Akron
95%
IN Indianapolis
95%
FL, GA Jacksonville
95%
NV Las Vegas
95%
TN, KY Nashville
95%
FL Orlando-Daytona Beach-Melbourne
95%
PA, WV, MD Pittsburgh
95%
CA San Diego
95%
MO, IL St. Louis
95%
OH, KY, IN Cincinnati
94%
TN, AR, MS, MO Memphis
94%
WI Milwaukee
94%
OR, WA Portland
94%
ME, NH Portland-Auburn
94%
OH Columbus
93%
OK Oklahoma City
93%
UT, ID, WY, NV Salt Lake City
93%
TX San Antonio
93%
KY-IN Louisville
92%
LA, MS New Orleans
92%
NC, VA Raleigh-Durham
92%
CA Sacramento-Stockton-Modesto
92%
NM, CO, AZ Albuquerque-Santa Fe
91%
TX Austin
90%
SC Charleston
90%
WV, KY, OH Charleston-Huntington
90%
AL Birmingham
89%
NY, PA Buffalo
88%
TX, NM El Paso
88%
HI Honolulu
88%
IA, MO Des Moines-Ames
87%
VA Richmond-Petersburg
87%
AR Little Rock-Pine Bluff
86%
RI, MA Providence-New Bedford
86%
AZ Tucson
86%
ID, OR Boise
85%
CT Hartford & New Haven
85%
NE, IA, MO Omaha
84%
OK-KS Tulsa
84%
NY, MA,VT Albany-Schenectady-Troy
83%
WI Madison
83%
CO Colorado Springs-Pueblo
82%
WI, MI Green Bay-Appleton
82%
PA Harrisburg-Lancaster-Lebanon-York
82%
AL, FL, MS Mobile-Pensacola
82%
KY Lexington
80%
LA, MS Baton Rouge
79%
SC Columbia
79%
IL Champaign & Springfield-Decatur
78%
NY Rochester
78%
MI Grand Rapids-Kalamazoo-Battle Creek
77%
KY, MO, IL, TN Paducah-Cape Girardeau-Harrisburg
77%
GA, SC Savannah
77%
WA, ID, MT, OR Spokane
77%
IA Cedar Rapids-Waterloo-Iowa City & Dubuque
76%
OH, IN Dayton
76%
MO, AR Springfield
76%
NY Syracuse
76%
KS, NE Wichita-Hutchinson Plus
76%
PA Wilkes-Barre–Scranton–Hazleton
76%
TN, KY Knoxville
75%
NC, VA Greensboro–High Point–Winston-Salem
74%
OH, MI Toledo
74%
CA Fresno-Visalia
73%
SC, NC Greenville-Spartanburg-Asheville-Anderson
73%
VA, NC Norfolk-Portsmouth-Newport News
73%
VT, NY, NH Burlington-Plattsburgh
71%
TN, GA, NC Chattanooga
71%
MI Flint-Saginaw-Bay City
70%
LA, TX, AR, OK Shreveport
64%
AL, TN Huntsville-Decatur
63%
IN, MI South Bend-Elkhart
63%
TX Harlingen-Weslaco-Brownsville-McAllen
61%
FL Fort Myers-Naples
60%
IA, IL Davenport-Rock Island-Moline
59%
VA, WV Roanoke-Lynchburg
58%
TX Waco-Killeen-Bryan
57%
SC, NC Myrtle Beach-Florence
55%
FL West Palm Beach-Fort Pierce
43%
No matching quizzes found
Score Distribution
Percent of People with Each Score
Percentile by Number Answered
Your Score History
You have not taken this quiz since the last reset